En la busca del ser: guía para el crecimiento personal

Saved in:
Bibliografiske detaljer
Main Authors: Grof, Stanislav (Author), Grof, Christina (Author)
Format: Bog
Sprog:spansk
Udgivet: Buenos Aires Planeta 1992
Serier:Nueva conciencia
Fag:
Tags: Tilføj Tag
Ingen Tags, Vær først til at tagge denne postø!

MARC

LEADER 00000nam a2200000 a 4500
001 UCY1864
003 CL-VaPUC
008 940926e19920000AG |||||||||||||||||spa|d
082 0 4 |a 111.1  |b GRO  |2 21 
100 |a Grof, Stanislav  |e author  |9 568071 
700 0 |a Grof, Christina  |e author  |9 329917 
245 1 0 |a En la busca del ser: guía para el crecimiento personal 
300 |a 294 p 
942 |c BK 
945 |d 19940926 00:00:00  |a rbrito 
260 |a Buenos Aires  |b Planeta  |c 1992 
650 0 |a Ontología   |9 256850 
650 0 |a Antropología filosófica  |9 265842 
583 |a last modification  |c 19940926 00:00:00  |k Rodrigo Vera 
490 0 |a Nueva conciencia 
999 |c 230446  |d 230444 
952 |0 0  |1 0  |4 0  |6 111_100000000000000_GRO_1992  |7 0  |8 A  |9 232719  |a BIBEDU  |b BIBEDU  |d 2019-11-15  |i 3021173  |o 111.1 GRO 1992  |p 3021173  |r 2019-11-15  |w 2019-11-15  |y BK  |k EPE